000 02529nam0a2200373 4500
001 RU\NLR\bibl\1162541
005 20260407172035.0
035 _a(nilc)RSL-KNO-003142629
035 _a(NLR Aleph) 001149282
090 _a1467274
_c1467274
100 _a20070418d2006 |||y0rusy50 ca
101 0 _arus
102 _aRU
105 _aa |||||||||
200 1 _aМатериалы шестнадцатой научно-практической конференции по проблемам механики и машиностроения
_fпод ред. Дворникова Л.Т., Живаго Э.Я.
210 _aНовокузнецк
_cСибГИУ
_d2006
215 _a239 с.
_cил.
_d21
300 _aПосвящается 75-летию со дня образования Сибирского гос. индустриального ун-та
300 _aВ надзаг.: М-во образования и науки Российской Федерации, Гос. образовательное учреждение высш. проф. образования "Сибирский гос. индустриальный ун-т ", Кузбасский науч. центр Сибирского отд-ния Междунар. Акад. Наук Высш. Школы
320 _aБиблиогр. в конце докл.
606 1 _aМашин и механизмов теория
_jСъезды, совещания и т.п.
_92086099
_3RU\NLR\auth\661262226
606 1 _aМашиностроение
_jСъезды, совещания и т.п.
_91221571
_3RU\NLR\auth\66178864
610 0 _aМашиностроение -- Машиноведение -- Теоретические основы машиностроения -- Теория машин и механизмов. Механика машин -- Материалы конференции
610 0 _aМашиностроение -- Технология машиностроения. Обработка металлов -- Материалы конференции
686 _aК412я431(2)
_2rubbk
686 _aК5я431(2)
_2rubbk
686 _aК4я431
710 1 2 _aНаучно-практическая конференция по проблемам механики и машиностроения
_d16
_f2006
_eНовокузнецк
_3RU\NLR\AUTH\8810108569
_9717319
801 0 _aRU
_bРКП
_c20070418
_grcr
801 1 _aRU
_bРГБ
_c20070418
801 2 _aRU
_bNLR
_c20071203
_grcr
942 _cBOOK
980 _aNB